000
00221 a2200097 4500
001
35488
100
_a
Gogiel M
245
_a
The electronic communications problem solver
260
_a
NY
_b
REA
_c
090
_c
23420
_d
23420
942
_a
NUST-CAE
_c
M
_c
14915
999
_c
270561
_d
270561